000 nam a22 7a 4500
999 _c9530
_d9530
008 180201b ||||| |||| 00| 0 eng d
100 _aBrainwaves R&D Team
_95702
245 _aExploring multimedia and web technology level - 2
260 _aNew Delhi
_bRachna Publication
_c2007